|
|
|
|
| LEADER |
00000cam a2200000 a 4500 |
| 001 |
vtls001141262 |
| 003 |
SK-MaSNL |
| 005 |
20260302031353.0 |
| 008 |
180810s1744 xo 0000| lat |
| 015 |
|
|
|a SNBHFA
|
| 035 |
|
|
|a SNK000084115
|
| 040 |
|
|
|a SNK
|b slo
|c SNK
|e AACR2
|
| 041 |
0 |
|
|a lat
|
| 044 |
|
|
|a xo
|c SK
|
| 072 |
|
7 |
|a 27
|x Kresťanstvo. Kresťanská cirkev všeobecne. Ekleziológia
|2 konspekt
|
| 080 |
|
|
|a 272-36(439)
|2 2001
|
| 080 |
|
|
|a (092)
|2 2001
|
| 100 |
1 |
|
|a Príleský, Ján,
|d 1709-1790
|4 aut
|9 289799
|
| 245 |
1 |
0 |
|a Acta Sanctorum Ungariae
|b Dum In Alma ac Celeberrima Archi-Episcopali S.J. Universitate Tyrnaviensi. Promotore R.P. Joanne Bapt. Prileszky, é S.J. AA. LL. & Philos. Doctore. ejusdemque Professore Emerito, Suprema AA. LL. & Philosophiae Laurea ornaretur, A Neo-Doctoribus Philosophis dicata Annô MDCCXLIV. Mense Julio die VII ; Ex Joannis Bollandi, S.J. Theologi, Continuatoribus, aliísque Scriptoribus excerpta, & Prolegomenis, ac Notis illustrata. Honoribus Illustrissimi, Ac Reverendi Domini, DOmini COmitis Caroli Eszterhazy De Galantha, Perpetui in Frakno, é COll. Gener. Cleri Regni Ung.
|
| 260 |
|
|
|a Tyrnaviae
|b Typis Academ. Soc. Jesu
|c 1744
|
| 300 |
|
|
|a [16], 383, 91 s.
|c 8°
|c 16 x 10 cm
|
| 500 |
|
|
|a Iniciály, linky, vlys, živé záhlavie, zložky, kustody
|
| 505 |
|
|
|a Obsahuje : Druhý diel (Pars secunda)
|
| 510 |
4 |
|
|a Bibliografia 18. storočia
|c 7637
|
| 650 |
0 |
7 |
|a katolícki svätci
|2 SNKPH
|9 1993
|
| 651 |
|
7 |
|a Uhorsko
|2 SNKPHgeo
|9 28673
|
| 655 |
|
7 |
|a biografie
|2 SNKPH
|9 27965
|
| 700 |
1 |
|
|a Bolland, Jean,
|d 1596-1665
|4 oth
|9 471478
|
| 710 |
2 |
|
|a Akademická tlačiareň (Trnava, Slovensko)
|4 prt
|9 232890
|
| 752 |
|
|
|a Slovensko
|d Trnava
|
| 852 |
|
|
|a snk
|p SD 12174/2
|
| 958 |
|
|
|a ONDV
|
| 958 |
|
|
|a DD
|
| 999 |
|
|
|c 1052021
|d 1053951
|
| 952 |
|
|
|a SNK
|b SNK
|y PREZ
|7 0
|p 17A1316276
|o snkSD 12174/2 D2
|i snkK 1059/69
|8 3
|z rok 1744
|0 0
|1 0
|4 0
|d 2020-12-15
|l 0
|r 2026-02-24 15:00:25
|w 2026-02-24
|
| 952 |
|
|
|a SNK
|b SNK
|y PREZ
|7 0
|p 17A1345393
|o snkSD 12174/2 D1
|i snkF 2828/67
|8 5
|z R 1744
|0 0
|1 0
|4 0
|d 2020-12-16
|l 0
|r 2026-02-24 15:00:25
|w 2026-02-24
|
| 952 |
|
|
|a SNK
|b SNK
|y PREZ
|7 0
|p 17A0956617
|o snkSD 12174/2
|i snk2850/56
|0 0
|1 0
|4 0
|d 2005-12-16
|l 0
|r 2025-11-25 00:00:00
|w 2026-02-24
|
| 952 |
|
|
|a SNK
|b SNK
|y PREZ
|7 0
|p 17A1080924
|o snkSD 12174/2 D3
|i snk2013/18377
|8 3
|g 180.00
|z rok 1744
|0 0
|1 0
|4 0
|d 2013-08-07
|l 0
|r 2026-02-24 15:00:26
|w 2026-02-24
|